Statistiques concernant Culture Générale - Série 1512

Cliquez ici pour prendre le quiz!

Statistiques générales

  • Ce quiz a été pris 43 fois
  • Le résultat moyen est 4 sur 10

Statistiques - réponses

QuestionRéponse% Correct
En 1981, Patrick Coutin nous confie dans sa chanson : "J'aime regarder les filles qui marchent sur...la plage
71%
En 1907, quel État forma la Triple-Entente, avec la France et la Grande-Bretagne ?Russie
69%
Selon l'expression, "il y a plus d'un âne qui s'appelle...Martin
45%
Quel compositeur chante "Les Moulins de mon coeur" ?Michel Legrand
45%
La compagnie de théâtre, fondée en 1964 par Ariane Mnouchkine s'appelle : "Le Théâtre du...Soleil
38%
Quel nom donne-t-on à la tête coupée d'un sanglier, utilisée comme trophée ?hure
36%
Quel club de rugby est à l'origine du calendrier des "Dieux du Stade" ?Stade français
33%
En 1936, quelle aviatrice française, prénommée Maryse, traversa l'Atlantique sud en solitaire ?Maryse Bastié
21%
Qui chante "La rivière de mon enfance" avec Michel Sardou ?Garou
19%
Quel nom porte le rouleau de parchemin fixé sur le chambranle des portes dans les maisons juives ?mezouza
10%

Distribution des résultats

Percentile par nombre de réponses

% des personnes avec chaque résultat

Votre développement - résultats

Vous n’avez pas pris ce quiz